| 000 | 00686nam a2200217Ii 4500 | ||
|---|---|---|---|
| 003 | JO-AjNU | ||
| 008 | 230606s9999||||xx |||||||||||||| ||und|| | ||
| 020 | _a978-0-415-41359-6 | ||
| 040 |
_aJO-AjNU _beng _erda _cJO-AjNU |
||
| 041 | _aeng | ||
| 050 | 1 | 4 | _aP29.T687 2007 |
| 100 | 3 |
_aTrask,R.L /Stpckwell,peter Editor, _eauthor _91962 |
|
| 245 | 0 | 0 | _aLanguage And Linguistics: The Key concepts |
| 250 | _a2 ed | ||
| 264 | 3 | 1 | _aNew York,NY:Library of Congress Cataloguing in Bublication Data,2007 |
| 300 | _a367p | ||
| 336 |
_atext _btxt _2rdacontent |
||
| 337 |
_aunmediated _bn _2rdamedia |
||
| 338 |
_avolume _bnc _2rdacarrier |
||
| 650 | 4 |
_aLanguage-Language and Linguistics _91963 |
|
| 999 |
_aE1031 _c1031 _d1031 |
||